[Event "46th Bosna it"]
[Site "Sarajevo BIH"]
[Date "2016.06.03"]
[Round "9.37"]
[White "Pestek, Elvis"]
[Black "Nestorovic, Katarina"]
[Result "1-0"]
[WhiteElo "2003"]
[BlackElo "1849"]
[EventDate "2016.05.28"]
[PlyCount "117"]

1.e4 c5 2.Nf3 e6 3.d4 cxd4 4.Nxd4 Nf6 5.Nc3 d6 6.Be3 Be7 7.f3 O-O 8.Qd2 a6
9.O-O-O b5 10.g4 Bb7 11.h4 Nfd7 12.Kb1 Ne5 13.Qh2 Nbd7 14.g5 Nb6 15.h5 
Nec4 16.Bc1 Bxg5 17.f4 Bf6 18.Qg2 Rc8 19.Nce2 Qe7 20.b3 Na5 21.Ng3 Nc6 22.
Bb2 Nxd4 23.Bxd4 Bxd4 24.Rxd4 f5 25.Rg1 Rc7 26.Qd2 Bxe4 27.Nxe4 fxe4 28.
Rxe4 Nd5 29.c4 Nf6 30.Rd4 bxc4 31.Rxc4 Rfc8 32.h6 g6 33.Bd3 Rxc4 34.Bxc4 
d5 35.Bd3 Re8 36.Re1 Qd6 37.Qe3 d4 38.Qh3 Kf7 39.Bc4 Nd5 40.Qd3 Nb4 41.Qe4
Kf6 42.f5 gxf5 43.Qh4+ Kf7 44.Qg5 Re7 45.Qxf5+ Ke8 46.Rxe6 Rxe6 47.Qxe6+ 
Qxe6 48.Bxe6 Kf8 49.a3 Nc6 50.b4 a5 51.b5 Ne5 52.b6 Ke7 53.b7 Nc6 54.Bd5 
Nb8 55.Kc2 Kf6 56.Kd3 Kg6 57.Kxd4 Kxh6 58.Kc5 Kg5 59.Kd6 1-0

[Event "46th Bosna it"]
[Site "Sarajevo BIH"]
[Date "2016.06.03"]
[Round "9.38"]
[White "Peric, Pero"]
[Black "Bryn, Askild"]
[Result "0-1"]
[WhiteElo "1746"]
[BlackElo "1993"]
[EventDate "2016.05.28"]
[PlyCount "64"]

1.e4 c6 2.c4 d5 3.exd5 cxd5 4.cxd5 Nf6 5.Nc3 Nxd5 6.Be2 e6 7.Nf3 Be7 8.b3 
O-O 9.Bb2 Nf4 10.O-O Nxe2+ 11.Nxe2 b6 12.Ng3 Bf6 13.d4 Bb7 14.Ne5 Qd5 15.
f3 Nc6 16.Re1 Rfd8 17.Ne4 Bxe5 18.dxe5 Nxe5 19.Qxd5 Rxd5 20.Nc3 Rd2 21.Na4
Ng6 22.Bc1 Rc2 23.Rf1 Rac8 24.Ba3 Ba6 25.Rf2 Rxf2 26.Kxf2 Rc2+ 27.Kg3 e5 
28.Rd1 h5 29.Nb2 Nf4 30.Rd8+ Kh7 31.Rd7 Rxg2+ 32.Kh4 g5# 0-1

[Event "46th Bosna it"]
[Site "Sarajevo BIH"]
[Date "2016.06.03"]
[Round "9.39"]
[White "Kolaric, Spela"]
[Black "Yavic, Adnan"]
[Result "1-0"]
[WhiteElo "2116"]
[BlackElo "1696"]
[EventDate "2016.05.28"]
[PlyCount "85"]

1.d4 Nf6 2.c4 e6 3.g3 d5 4.Nf3 c5 5.cxd5 exd5 6.Bg2 c4 7.O-O Bd6 8.Nc3 Bd7
9.Ne5 Bc6 10.Nxc6 bxc6 11.e4 Bb4 12.exd5 Bxc3 13.bxc3 cxd5 14.Re1+ Kf8 15.
Ba3+ Kg8 16.Be7 Qd7 17.Bxf6 gxf6 18.Qf3 Nc6 19.Qxd5 Qxd5 20.Bxd5 Rc8 21.
Rab1 Kg7 22.Rb7 Rhd8 23.Bxc6 Rxc6 24.Rxa7 h5 25.Ree7 Rf8 26.Kg2 Kg6 27.a4 
Rb8 28.Reb7 Rf8 29.Rc7 Rc8 30.Rxf7 Rb6 31.Rfc7 Re8 32.Rab7 Rbe6 33.Rb2 Re1
34.Rxc4 Ra1 35.d5 Ree1 36.Rd2 h4 37.Rxh4 Re7 38.d6 Rd7 39.Rc4 Kf7 40.Rb4 
Ke6 41.Re4+ Kf7 42.h4 Ra3 43.Rd3 1-0

[Event "46th Bosna it"]
[Site "Sarajevo BIH"]
[Date "2016.06.03"]
[Round "9.40"]
[White "Marn, Jan"]
[Black "Banduka, Zeljko"]
[Result "0-1"]
[WhiteElo "1831"]
[BlackElo "2081"]
[EventDate "2016.05.28"]
[PlyCount "32"]

1.e4 c6 2.d4 d5 3.Nd2 dxe4 4.Nxe4 Bf5 5.Ng3 Bg6 6.h4 h6 7.f4 Nf6 8.Nf3 
Nbd7 9.h5 Bh7 10.Bd3 Bxd3 11.Qxd3 e6 12.Bd2 Qc7 13.O-O-O O-O-O 14.Qe2 Nd5 
15.Ne5 N7b6 16.c4 Nf6 0-1

[Event "46th Bosna it"]
[Site "Sarajevo BIH"]
[Date "2016.06.03"]
[Round "9.41"]
[White "Medic, Nevenko"]
[Black "Sejmenovic, Senad"]
[Result "0-1"]
[WhiteElo "2000"]
[BlackElo "1802"]
[EventDate "2016.05.28"]
[PlyCount "72"]

1.d4 d5 2.c4 c6 3.Nc3 Nf6 4.Nf3 e6 5.Bg5 Be7 6.e3 Ne4 7.Nxe4 dxe4 8.Bxe7 
Qxe7 9.Nd2 f5 10.Be2 O-O 11.O-O Nd7 12.f3 exf3 13.Bxf3 e5 14.Qb3 e4 15.c5+
Kh8 16.Be2 Nf6 17.Bc4 Rb8 18.Qa4 a6 19.b4 Ng4 20.Qb3 Bd7 21.Rae1 Rf6 22.h3
Nh6 23.Rf2 Rg6 24.Rf4 Qg5 25.Re2 Qh5 26.Kf2 Rf6 27.Ke1 Re8 28.Rf1 Qg5 29.
Rf4 Qg3+ 30.Kd1 Re7 31.Nf1 Qg6 32.Qc3 Be8 33.Kc1 Bf7 34.Bxf7 Nxf7 35.Qe1 
Qg5 36.Qh4 Qxh4 0-1

[Event "46th Bosna it"]
[Site "Sarajevo BIH"]
[Date "2016.06.03"]
[Round "9.42"]
[White "Kocanovic, Armin"]
[Black "Jovovic, Milan"]
[Result "1/2-1/2"]
[WhiteElo "1592"]
[BlackElo "1991"]
[EventDate "2016.05.28"]
[PlyCount "35"]

1.d4 Nf6 2.c4 e6 3.Nc3 Bb4 4.e3 c5 5.a3 Bxc3+ 6.bxc3 Qa5 7.Nf3 d6 8.Be2 
cxd4 9.exd4 O-O 10.Qc2 Nbd7 11.O-O Qc7 12.Bg5 b6 13.a4 Bb7 14.Nd2 Rac8 15.
Bf3 h6 16.Bh4 Ba6 17.Bg3 Rfe8 18.a5 1/2-1/2

[Event "46th Bosna it"]
[Site "Sarajevo BIH"]
[Date "2016.06.03"]
[Round "9.43"]
[White "Lapo, Safet"]
[Black "Haskovic, Salih"]
[Result "1-0"]
[WhiteElo "1781"]
[BlackElo "1984"]
[EventDate "2016.05.28"]
[PlyCount "25"]

1.d4 Nf6 2.c4 e6 3.Nc3 g6 4.e4 Bb4 5.Qc2 Nc6 6.Nf3 d5 7.cxd5 exd5 8.e5 Ne4
9.Be2 Bf5 10.Qb3 a5 11.O-O Qc8 12.Qxd5 Nxc3 13.bxc3 1-0

[Event "46th Bosna it"]
[Site "Sarajevo BIH"]
[Date "2016.06.03"]
[Round "9.45"]
[White "Draganovic, Sulejman"]
[Black "Fejzic, Edo"]
[Result "0-1"]
[WhiteElo "2082"]
[BlackElo "1696"]
[EventDate "2016.05.28"]
[PlyCount "104"]

1.d4 Nf6 2.Nf3 g6 3.c4 Bg7 4.Nc3 O-O 5.e3 d6 6.b3 Bf5 7.Bd3 Bxd3 8.Qxd3 c5
9.Bb2 Nc6 10.O-O Nd7 11.Rfd1 f5 12.Ng5 cxd4 13.Na4 Rf6 14.exd4 h6 15.Nf3 
Rf8 16.d5 Nce5 17.Nxe5 Nxe5 18.Qe2 f4 19.f3 g5 20.Rac1 Qd7 21.h3 h5 22.Qe4
g4 23.hxg4 hxg4 24.Kf2 g3+ 25.Ke2 Qf5 26.Qxf5 Rxf5 27.Rh1 Ng6 28.Bxg7 Kxg7
29.Nc3 Re5+ 30.Ne4 Rh8 31.Rxh8 Nxh8 32.Rh1 Ng6 33.Kd3 b6 34.b4 a6 35.Kd4 
b5 36.c5 dxc5+ 37.bxc5 e6 38.d6 Rd5+ 39.Kc3 Ne5 40.Rh4 Rd3+ 41.Kc2 Ra3 42.
Kb2 Nc4+ 43.Kb1 Ne5 44.Rxf4 Re3 45.Nxg3 Re1+ 46.Kc2 Rg1 47.Nh5+ Kg6 48.g4 
Rg2+ 49.Kb3 Nd3 50.Rf6+ Kg5 51.Rxe6 Nxc5+ 52.Kc3 Nxe6 0-1

[Event "46th Bosna it"]
[Site "Sarajevo BIH"]
[Date "2016.06.03"]
[Round "9.46"]
[White "Bucevac, Ljubisa"]
[Black "Johnen, Franz"]
[Result "1/2-1/2"]
[WhiteElo "2080"]
[BlackElo "1693"]
[EventDate "2016.05.28"]
[PlyCount "82"]

1.e4 e5 2.Nf3 d6 3.d4 exd4 4.Nxd4 Nf6 5.Nc3 Be7 6.g3 O-O 7.Bg2 c6 8.O-O 
Nbd7 9.Nf5 Ne5 10.Nxe7+ Qxe7 11.h3 h6 12.b3 b6 13.Bb2 Ba6 14.Re1 Rad8 15.
Qd2 Rfe8 16.Rad1 c5 17.Nd5 Nxd5 18.exd5 Qf8 19.f4 Nd7 20.Kf2 Rxe1 21.Rxe1 
Re8 22.h4 Re7 23.Kg1 Qe8 24.Kf2 Rxe1 25.Qxe1 Qxe1+ 26.Kxe1 f6 27.Kf2 Kf7 
28.Ke3 Ke7 29.h5 Nf8 30.Bh3 Bb5 31.Ke4 Be2 32.g4 Kf7 33.Ke3 Bd1 34.c3 Bc2 
35.b4 Ke7 36.Bg2 c4 37.Bf3 b5 38.Bc1 Nd7 39.Kf2 a6 40.Be3 Nb8 41.Bd4 Nd7 
1/2-1/2

[Event "46th Bosna it"]
[Site "Sarajevo BIH"]
[Date "2016.06.03"]
[Round "9.47"]
[White "Kozarcanin, Sead"]
[Black "Maric, Vedran"]
[Result "1-0"]
[WhiteElo "2053"]
[BlackElo "1588"]
[EventDate "2016.05.28"]
[PlyCount "63"]

1.e4 c5 2.Ne2 d6 3.d4 cxd4 4.Nxd4 Nf6 5.Nc3 a6 6.g3 e5 7.Nb3 Be7 8.Bg2 Be6
9.O-O Nbd7 10.Be3 O-O 11.h3 a5 12.a4 Qc8 13.Nd5 Nxd5 14.exd5 Bf5 15.c3 Nf6
16.g4 Be4 17.g5 Bxg2 18.Kxg2 Nd7 19.Nd2 f5 20.f4 Nc5 21.Nc4 Qc7 22.fxe5 
dxe5 23.d6 Qc6+ 24.Qf3 e4 25.Qg3 Bd8 26.Qe5 Nd3 27.Qe6+ Kh8 28.Ne5 Nxe5 
29.Qxe5 Bxg5 30.Bxg5 e3+ 31.Rf3 Rae8 32.Be7 1-0

[Event "46th Bosna it"]
[Site "Sarajevo BIH"]
[Date "2016.06.03"]
[Round "9.54"]
[White "Agic, Ahmed"]
[Black "Krug, Franz-Dieter"]
[Result "0-1"]
[WhiteElo "1856"]
[BlackElo "1680"]
[EventDate "2016.05.28"]
[PlyCount "27"]

1.Nf3 d5 2.d4 e6 3.g3 g6 4.Bg2 Bg7 5.O-O Nf6 6.c4 dxc4 7.Nc3 Bd7 8.a4 O-O 
9.Ne5 c6 10.Nxc4 Nd5 11.e4 Nb6 12.Ne3 a5 13.d5 exd5 14.exd5 0-1

[Event "46th Bosna it"]
[Site "Sarajevo BIH"]
[Date "2016.06.03"]
[Round "9.57"]
[White "Grgic, Anto"]
[Black "Hamzic, Adil"]
[Result "0-1"]
[WhiteElo "1404"]
[BlackElo "1780"]
[EventDate "2016.05.28"]
[PlyCount "83"]

1.e4 c5 2.c3 Nf6 3.e5 Nd5 4.c4 Nb6 5.b3 Nc6 6.Bb2 Qc7 7.f4 e6 8.Nf3 d5 9.
cxd5 Nxd5 10.g3 a6 11.Nc3 Ncb4 12.a3 Nxc3 13.dxc3 Nd5 14.c4 Ne3 15.Qd3 
Nxf1 16.Rxf1 Bd7 17.O-O-O b5 18.Ng5 Be7 19.h4 bxc4 20.bxc4 Rd8 21.Qf3 h6 
22.Ne4 O-O 23.Qg4 Kh7 24.h5 Ba4 25.Rd6 Qb7 26.Re1 Qb3 27.Qe2 Bxd6 28.exd6 
Qb6 29.Qd3 f5 30.Nc3 Bd7 31.g4 Rb8 32.Re2 Kg8 33.g5 Kh7 34.Rd2 Qc6 35.Ne2 
Qh1+ 36.Rd1 Qxh5 37.Ng3 Qg6 38.Rh1 Ba4 39.Qc3 Rb3 40.gxh6 Rxc3+ 41.Bxc3 
gxh6 42.Nh5 0-1